| 000 | 00680nam a2200241 a 4500 | ||
|---|---|---|---|
| 001 | 000009035 | ||
| 003 | OSt | ||
| 005 | 20210409114020.0 | ||
| 008 | 090925s1993 dr 000 0 spa d | ||
| 040 |
_aDO-SdBNP _bspa _cBNPHU |
||
| 049 | _a | ||
| 082 | 4 |
_a862.62 _bG216b 1993 _222 |
|
| 100 |
_aGarcía Lorca, Federico, _d1898-1936 _914727 |
||
| 245 | 1 | 0 |
_aBodas de sangre / _cFederico García Lorca. |
| 250 | _a3a. ed. | ||
| 260 |
_aSanto Domingo : _bAlfa y Omega, _c1993. |
||
| 300 |
_a123 p. ; _c18 cm. |
||
| 590 | _aInventariado,2020/VM | ||
| 650 | 4 |
_aTeatro española _94843 |
|
| 650 | 4 |
_aLiteratura española _978332 |
|
| 910 | _aValidado. Control de calidad MFF | ||
| 942 |
_2ddc _cLF1 |
||
| 999 |
_c8799 _d8799 |
||